Kongress Menjelang Abad 21:Islam dan Wawasan 2020

Bibliographic Details
Format: Book
Published: Kuala Lumpur : IKIM , 1992
Subjects:

MARC

LEADER 00000cam a2200000 7i4500
001 0000004882
002 000005265
005 20081105.0
020 |a T000000420 
090 0 0 |a 320.609595   |b KON 
245 0 0 |a Kongress Menjelang Abad 21:Islam dan Wawasan 2020   |c Institut Kejahaman Islam Malaysia 
260 |a Kuala Lumpur :   |b IKIM ,   |c 1992 
300 |a 345p. ;   |c 22cm. 
650 0 0 |a Economics   |x Religions aspects 
650 0 0 |a Islam   |x Economic aspects 
650 0 0 |a Vision 2020   |z Malaysia 
999 |a 034804   |b BUKU   |c MALAYSIANA   |e PERPUSTAKAAN KOMUNITI PETALING JAYA 
999 |a 034805   |b BUKU   |c PINJAMAN   |e PERPUSTAKAAN KOMUNITI PETALING JAYA